[Event "26.Schlosspark-Open"]
[Site "Wiesbaden-Biebrich"]
[Date "2014.08.28"]
[Round "1.81"]
[White "Schneider, Kevin"]
[Black "Rump, Andreas"]
[Result "1/2-1/2"]
[WhiteElo "1155"]
[BlackElo "1939"]
[PlyCount "77"]
[EventDate "2014.??.??"]
[WhiteTeam "SC Turm Breuberg"]
[BlackTeam "SG Turm Idstein"]

1. e4 Nf6 2. e5 Nd5 3. c4 Nb6 4. Nf3 d6 5. d4 Nc6 6. exd6 exd6 7. d5 Ne5 8.
Nxe5 dxe5 9. Nc3 Bb4 10. a3 Bxc3+ 11. bxc3 O-O 12. Be2 Bd7 13. a4 c5 14. Be3
Rc8 15. a5 Na8 16. O-O f5 17. Qb3 f4 18. Bc1 Qc7 19. Rd1 Rf6 20. Bf3 Rb8 21.
Be4 Qd6 22. Qc2 Rh6 23. Bd2 Rf8 24. f3 Nc7 25. Rdb1 Bc8 26. g4 Ne8 27. Bd3 Qf6
28. Be1 Nd6 29. h4 g5 30. h5 Rf7 31. Bf2 Rc7 32. Rb2 Ne8 33. Kg2 Qf7 34. Re1
Qe7 35. Qe2 e4 36. Bxe4 Nd6 37. Bd3 Qg7 38. Qc2 Kh8 39. Rbb1 1/2-1/2

[Event "26.Schlosspark-Open"]
[Site "Wiesbaden-Biebrich"]
[Date "2014.08.28"]
[Round "1.82"]
[White "Schwarz, Eduard"]
[Black "Gießelbach, Christian"]
[Result "1-0"]
[WhiteElo "1928"]
[BlackElo "1147"]
[PlyCount "53"]
[EventDate "2014.??.??"]
[WhiteTeam "SG Turm Idstein"]
[BlackTeam "SAbt TuS Dotzheim"]

1. Nf3 d5 2. d4 c6 3. c4 Nf6 4. Nc3 e6 5. g3 Be7 6. Bg2 dxc4 7. O-O O-O 8. Ne5
Qc7 9. Nxc4 Nd5 10. Ne4 Nd7 11. Ng5 b5 12. Na3 Bb7 13. e4 N5f6 14. Bf4 Qb6 15.
Qb3 Bxa3 16. Qxa3 Rfe8 17. Be3 Qc7 18. Rac1 e5 19. Qb3 Re7 20. d5 h6 21. Rfd1
Ne8 22. Nf3 Nd6 23. Qd3 f5 24. dxc6 Bxc6 25. Qxd6 Qxd6 26. Rxd6 Rc8 27. Rdxc6
1-0

[Event "26.Schlosspark-Open"]
[Site "Wiesbaden-Biebrich"]
[Date "2014.08.28"]
[Round "1.83"]
[White "Jahraus, Marlis"]
[Black "Haftmann, Rainer"]
[Result "0-1"]
[WhiteElo "1124"]
[BlackElo "1920"]
[PlyCount "90"]
[EventDate "2014.??.??"]
[WhiteTeam "SC Untergrombach 46"]
[BlackTeam "SAbt SG 1945 Dietzenbach"]

1. e4 e5 2. Nf3 Nc6 3. Bb5 a6 4. Ba4 Nf6 5. d3 b5 6. Bb3 Bc5 7. O-O d6 8. h3
O-O 9. c3 h6 10. Be3 Bxe3 11. fxe3 Na5 12. Bc2 c5 13. d4 Qc7 14. Nbd2 Be6 15.
Rf2 Rac8 16. Nf1 c4 17. Ng3 Rcd8 18. Qe2 Bc8 19. Nf5 Bxf5 20. exf5 e4 21. Nh4
d5 22. Raf1 Qg3 23. Rf4 Nc6 24. Bd1 Rb8 25. a3 Rb7 26. Qd2 a5 27. Nf3 exf3 28.
R1xf3 Qg5 29. h4 Ne4 30. hxg5 Nxd2 31. Rh3 hxg5 32. Rg4 Ne4 33. Bf3 Re7 34.
Bxe4 Rxe4 35. Rxg5 f6 36. Rgg3 Kf7 37. Kf2 b4 38. axb4 axb4 39. Rh7 Rg8 40. Rf3
bxc3 41. bxc3 Rg4 42. g3 Ra8 43. Ke2 Ra2+ 44. Kd1 Rg2 45. Rh3 Na5 0-1

[Event "26.Schlosspark-Open"]
[Site "Wiesbaden-Biebrich"]
[Date "2014.08.28"]
[Round "1.84"]
[White "Berger, Ewald"]
[Black "Jakesevic, Ivan"]
[Result "1-0"]
[WhiteElo "1916"]
[BlackElo "1107"]
[PlyCount "93"]
[EventDate "2014.??.??"]
[WhiteTeam "SC Butzbach 2000"]
[BlackTeam "FC 1934 Wiesbaden-Bierstadt"]

1. c4 b6 2. Nc3 e6 3. e4 g6 4. d4 d6 5. Be3 Bg7 6. Qd2 Bb7 7. Nf3 Nf6 8. Bd3
Ng4 9. Bg5 Bf6 10. Bxf6 Qxf6 11. h3 Nxf2 12. Qxf2 Nc6 13. O-O O-O 14. Rae1 Nb4
15. Bb1 c5 16. d5 exd5 17. exd5 Rfe8 18. Ne4 Qg7 19. a3 Na6 20. Nfg5 f5 21.
Nxd6 Rxe1 22. Rxe1 Qf6 23. Nxb7 Qxg5 24. d6 Rb8 25. Qf3 Qf6 26. Qd5+ Kg7 27.
Re7+ Kh6 28. Qd2+ g5 29. h4 Qg6 30. hxg5+ Qxg5 31. Rxh7+ Kxh7 32. Qxg5 Rxb7 33.
Bxf5+ Kh8 34. Bc8 Rg7 35. Qh6+ Kg8 36. d7 Rxd7 37. Bxd7 Kf7 38. Qd6 Kg7 39. Kf2
Nc7 40. Qxc7 b5 41. Kf3 bxc4 42. Kf4 c3 43. bxc3 a5 44. Kg5 Kf7 45. Bf5+ Ke8
46. Bg6+ Kf8 47. Qf7# 1-0

[Event "26.Schlosspark-Open"]
[Site "Wiesbaden-Biebrich"]
[Date "2014.08.28"]
[Round "1.85"]
[White "Schneider, Luca"]
[Black "Krüger, Stefan"]
[Result "0-1"]
[WhiteElo "1107"]
[BlackElo "1912"]
[PlyCount "78"]
[EventDate "2014.??.??"]
[WhiteTeam "FC 1934 Wiesbaden-Bierstadt"]
[BlackTeam "vereinslos"]

1. Nf3 d5 2. c4 c6 3. d4 Nf6 4. Nc3 e6 5. c5 Be7 6. b4 O-O 7. Bf4 Nbd7 8. Qc2
Nh5 9. Be5 f6 10. Bd6 Bxd6 11. cxd6 e5 12. e4 Nb6 13. Bd3 f5 14. exf5 e4 15.
Bxe4 dxe4 16. Nxe4 Bxf5 17. Qb3+ Nd5 18. Nc3 Qxd6 19. O-O Kh8 20. Nxd5 Qxd5 21.
Qxd5 cxd5 22. Rae1 Bd3 23. Re5 Bxf1 24. Rxh5 Be2 25. Rh3 Rac8 26. Kh1 Bxf3 27.
gxf3 Rf4 28. Kg2 Rxd4 29. a3 h6 30. Rg3 Kh7 31. Rg4 Rxg4+ 32. fxg4 d4 33. Kf3
Re8 34. Kg3 d3 35. f4 d2 36. Kf2 d1=Q 37. Kg2 Re3 38. h4 Qd2+ 39. Kf1 Re1# 0-1

[Event "26.Schlosspark-Open"]
[Site "Wiesbaden-Biebrich"]
[Date "2014.08.28"]
[Round "1.86"]
[White "Anhalt, Albert"]
[Black "Börkey, Luis"]
[Result "1/2-1/2"]
[WhiteElo "1909"]
[BlackElo "1095"]
[PlyCount "83"]
[EventDate "2014.??.??"]
[WhiteTeam "SG Turm Idstein"]
[BlackTeam "Wiesbadener SV 1885"]

1. e4 e6 2. d4 d5 3. Nc3 Bb4 4. e5 c5 5. a3 Bxc3+ 6. bxc3 cxd4 7. cxd4 Nc6 8.
Nf3 Nge7 9. Bd3 Bd7 10. O-O Qb6 11. c3 Na5 12. a4 Qb3 13. Ra3 Qxd1 14. Rxd1 Rc8
15. Bg5 Nc4 16. Raa1 Nb2 17. Rd2 Nxd3 18. Rxd3 Rc4 19. a5 h6 20. Bc1 O-O 21.
Nd2 Rc7 22. Ba3 Bb5 23. Rh3 b6 24. axb6 axb6 25. Bd6 Rb7 26. g4 Re8 27. f4 Nc8
28. Bb4 Ra7 29. Rxa7 Nxa7 30. g5 hxg5 31. fxg5 Ra8 32. Kf2 Nc6 33. Bd6 Ra2 34.
Ke3 Rc2 35. Nf3 Rxc3+ 36. Kf4 Nxd4 37. Nxd4 Rxh3 38. Nxb5 Rxh2 39. Nd4 Rb2 40.
g6 fxg6 41. Nxe6 b5 42. Nc7 1/2-1/2

[Event "26.Schlosspark-Open"]
[Site "Wiesbaden-Biebrich"]
[Date "2014.08.28"]
[Round "1.87"]
[White "Wachsmann, Elmar"]
[Black "Eg, Karlheinz"]
[Result "0-1"]
[WhiteElo "1029"]
[BlackElo "1896"]
[PlyCount "83"]
[EventDate "2014.??.??"]
[WhiteTeam "SC Groß-Umstadt"]
[BlackTeam "SV Rüsselsheim 1929"]

1. d4 Nf6 2. Nf3 g6 3. Bf4 d5 4. c4 c6 5. e3 Bg7 6. Nc3 O-O 7. Bd3 dxc4 8. Bxc4
Nd5 9. Bxd5 cxd5 10. Qb3 e6 11. O-O a6 12. Rfc1 Nd7 13. Na4 b5 14. Bc7 bxa4 15.
Qa3 Qf6 16. Qxa4 Ra7 17. Rc6 Bb7 18. Rc3 Qe7 19. Bg3 Nb6 20. Qc2 Rc8 21. Rc1
Rxc3 22. Qxc3 Ba8 23. Qa5 Nc4 24. Qc3 Bf8 25. a3 Rb7 26. Rc2 f6 27. Nd2 Nxd2
28. Qxd2 Qd7 29. f3 Bd6 30. Bf2 Rc7 31. Be1 Rxc2 32. Qxc2 Qc7 33. Qxc7 Bxc7 34.
Kf2 Bc6 35. g3 Bb5 36. e4 Bc4 37. Bc3 Bb6 38. Ke3 e5 39. h3 Kf7 40. f4 Ke6 41.
a4 h5 42. f5+ 0-1

[Event "26.Schlosspark-Open"]
[Site "Wiesbaden-Biebrich"]
[Date "2014.08.28"]
[Round "1.88"]
[White "Fröhlich-Dill, Astrid"]
[Black "Börkey, Pierre"]
[Result "1-0"]
[WhiteElo "1894"]
[BlackElo "987"]
[PlyCount "61"]
[EventDate "2014.??.??"]
[WhiteTeam "SV 1920 Hofheim"]
[BlackTeam "Wiesbadener SV 1885"]

1. d4 d5 2. Nf3 Nc6 3. Bf4 Nf6 4. e3 Bf5 5. c4 e6 6. Nc3 Bb4 7. a3 Bxc3+ 8.
bxc3 Ne4 9. Qb3 Rb8 10. cxd5 exd5 11. Be2 O-O 12. O-O Bg4 13. Rfd1 Re8 14. c4
dxc4 15. Qxc4 Qd7 16. Rac1 Rbc8 17. d5 Na5 18. Qb4 b6 19. Ne5 Qf5 20. Bxg4 Qf6
21. Qxe4 Nb3 22. Bxc8 Nxc1 23. Rxc1 Rxc8 24. h3 g5 25. Ng4 Qb2 26. Nh6+ Kg7 27.
Be5+ Qxe5 28. Qxe5+ Kxh6 29. Qf6+ Kh5 30. g4+ Kh4 31. Qh6# 1-0

[Event "26.Schlosspark-Open"]
[Site "Wiesbaden-Biebrich"]
[Date "2014.08.28"]
[Round "1.89"]
[White "Börkey, Joel"]
[Black "Lukas, Sebastian"]
[Result "0-1"]
[WhiteElo "968"]
[BlackElo "1893"]
[PlyCount "124"]
[EventDate "2014.??.??"]
[WhiteTeam "Wiesbadener SV 1885"]
[BlackTeam "SC 1979 Hattersheim"]

1. e4 c5 2. c3 d5 3. e5 Bf5 4. Nf3 Nc6 5. Bb5 e6 6. O-O Nge7 7. Re1 a6 8. Bxc6+
Nxc6 9. d4 Qb6 10. dxc5 Bxc5 11. Re2 O-O 12. b4 Be7 13. Nd4 Nxd4 14. Qxd4 Qxd4
15. cxd4 Bxb4 16. Rb2 a5 17. a3 Bxb1 18. axb4 Bf5 19. Rxa5 Rac8 20. Rc5 b6 21.
Rxc8 Rxc8 22. Be3 Ra8 23. h3 h5 24. f3 Bd3 25. Kh2 Kf8 26. Rd2 Bc4 27. g4 hxg4
28. hxg4 Ra3 29. Bg5 Rxf3 30. b5 Ke8 31. Rd1 Ra3 32. Kg2 Ra2+ 33. Kg3 Ra3+ 34.
Kg2 Bxb5 35. Rb1 Ra5 36. Rh1 Bd3 37. Rh8+ Kd7 38. Rf8 Bg6 39. Rg8 Ra4 40. Rd8+
Kc7 41. Re8 Rxd4 42. Kg3 Rd3+ 43. Kh2 Kc6 44. Ra8 Kb5 45. Bd8 Rc3 46. Ra1 d4
47. Rb1+ Bxb1 48. Bg5 d3 49. Kg2 d2 50. Bxd2 Rc2 51. Kf3 Rxd2 52. Ke3 Ra2 53.
g5 Kc5 54. g6 fxg6 55. Kf3 Ra4 56. Ke2 Ra3 57. Kd1 Ra2 58. Kc1 Kc4 59. Kd1 Kd3
60. Ke1 Ke3 61. Kf1 Be4 62. Kg1 Bf3 0-1

[Event "26.Schlosspark-Open"]
[Site "Wiesbaden-Biebrich"]
[Date "2014.08.28"]
[Round "1.90"]
[White "Petreski, Gligur"]
[Black "Gläßer, Leonhard"]
[Result "1-0"]
[WhiteElo "1890"]
[BlackElo "938"]
[PlyCount "97"]
[EventDate "2014.??.??"]
[WhiteTeam "SV Mainz-Mombach"]
[BlackTeam "FC 1934 Wiesbaden-Bierstadt"]

1. d4 e6 2. Nf3 Nf6 3. c4 c5 4. e3 Be7 5. Be2 O-O 6. O-O d5 7. b3 Nc6 8. Bb2 b6
9. dxc5 bxc5 10. Qc1 Bd6 11. Rd1 Ba6 12. Na3 Na5 13. Bf1 Re8 14. g3 Bb7 15. Bg2
e5 16. cxd5 Bxd5 17. Nb5 Qd7 18. Nxd6 Qxd6 19. Qc3 Nb7 20. Nxe5 Rxe5 21. Qxe5
Qxe5 22. Bxe5 Bxg2 23. Kxg2 h6 24. Bxf6 gxf6 25. Rac1 Kg7 26. Rd7 Rb8 27. g4
Kg6 28. e4 a6 29. Kg3 h5 30. gxh5+ Kxh5 31. Kf4 Kg6 32. Rg1+ Kh6 33. Rxf7 Nd6
34. Rxf6+ Kh7 35. Rxd6 Rf8+ 36. Ke3 Rg8 37. Rxg8 Kxg8 38. Rd7 Kf8 39. e5 Ke8
40. e6 Kf8 41. h4 Ke8 42. h5 Kf8 43. h6 Kg8 44. e7 Kf7 45. h7 Kf6 46. e8=Q Kg5
47. Rf7 Kh6 48. h8=R+ Kg6 49. Qg8# 1-0

[Event "26.Schlosspark-Open"]
[Site "Wiesbaden-Biebrich"]
[Date "2014.08.28"]
[Round "1.91"]
[White "Fey, Karl-Heinz"]
[Black "Weiland, Thomas"]
[Result "0-1"]
[WhiteElo "889"]
[BlackElo "1889"]
[PlyCount "74"]
[EventDate "2014.??.??"]
[WhiteTeam "SC 1926 Haßloch"]
[BlackTeam "SV Oberursel"]

1. Nf3 d5 2. d4 g6 3. e3 Bg7 4. Be2 Nf6 5. O-O O-O 6. Nc3 Re8 7. Ne5 Nbd7 8.
Bd3 e6 9. e4 Nxe5 10. dxe5 Nxe4 11. Nxe4 dxe4 12. Bxe4 Bxe5 13. Qf3 Rb8 14. Qb3
a6 15. Be3 Qe7 16. f4 Bd6 17. h3 Bd7 18. Ba7 Bc5+ 19. Bxc5 Qxc5+ 20. Rf2 Red8
21. Qf3 b6 22. c3 a5 23. b3 Be8 24. Qe2 Rd6 25. c4 Rbd8 26. Qg4 Rd2 27. Qg3 a4
28. bxa4 Bxa4 29. Raf1 Rxa2 30. Kh2 Rxf2 31. Rxf2 Qxc4 32. Bxg6 hxg6 33. f5
exf5 34. Rxf5 Qc6 35. Qg5 Qd6+ 36. Kh1 Re8 37. Rf6 Re1+ 0-1

[Event "26.Schlosspark-Open"]
[Site "Wiesbaden-Biebrich"]
[Date "2014.08.28"]
[Round "1.92"]
[White "Budde, Michael"]
[Black "Schreer, Maxima"]
[Result "1-0"]
[WhiteElo "1884"]
[BlackElo "880"]
[PlyCount "45"]
[EventDate "2014.??.??"]
[WhiteTeam "SC Flörsheim 1921"]
[BlackTeam "SF 1891 Friedberg"]

1. d4 d5 2. c4 e6 3. Nc3 Nf6 4. Bg5 Be7 5. e3 a6 6. Nf3 h6 7. Bh4 Nc6 8. Rc1 g5
9. Bg3 g4 10. Ne5 h5 11. cxd5 exd5 12. Nxc6 bxc6 13. Bd3 Bd6 14. Bh4 Rb8 15.
Qc2 Qe7 16. O-O a5 17. e4 dxe4 18. Nxe4 Bf4 19. Bxf6 Qf8 20. Rce1 Kd7 21. Nc5+
Kd6 22. Be7+ Kd5 23. Qc4# 1-0